Geography Quiz

Random Geography or City Quiz
Score 0/20 Timer 04:00
12 Plays Today
Hint Answer % Correct
Mumbai India
87.3%
ToulouseFrance
85.4%
GlasgowScotland
83.6%
KrakowPoland
79%
ChristchurchNew Zealand
75.1%
DarwinAustralia
73.6%
SalzburgAustria
73.1%
Ankara Turkey
70%
KarachiPakistan
68.1%
ShenzhenChina
67.1%
Hint Answer % Correct
TijuanaMexico
64.8%
MarrakeshMorocco
64.6%
Da NangVietnam
60.2%
MalmoSweden
58.5%
DurbanSouth Africa
56.6%
Belo HorizonteBrazil
48.1%
MombasaKenya
44.6%
KharkivUkraine
43.4%
PattayaThailand
37.6%
Cusco Peru
34.4%
Remove Ads.
Support Sporcle.
Get the best of Sporcle when you Go Orange. This ad-free experience offers more features, more stats, and more fun while also helping to support Sporcle. Thank you for becoming a member.

You're not logged in!

Compare scores with friends on all Sporcle quizzes.
OR
Log In

Sporcle TV

Today on Sporcle TV


Watch our educational content, quiz creation guides, and fun videos on Sporcle TV.

Show Comments

Extras

Top Quizzes Today


Score Distribution

Paid Content

Your Account Isn't Verified!

In order to create a playlist on Sporcle, you need to verify the email address you used during registration. Go to your Sporcle Settings to finish the process.

Report this User

Report this user for behavior that violates our Community Guidelines.

Details: